Quizzes
Events
Quiz Creation
Community
Videos
Private Events
Remove Ads
Sign In
Join for FREE
Feedback
Dark Mode
Quiz Categories
Sports
Geography
Music
Movies
Television
Just For Fun
Miscellaneous
History
Literature
Language
Science
Gaming
Entertainment
Religion
Holiday
For Kids
Quiz Lab
Recent
Popular Today
Quiz Kudos Today
Editor Picks
Curator Picks
Quizzes by...
Day
Popularity
Type
Ratings
Length
Year
Community
Subscriptions
Recent Discussions
Orange Saloon
Badges
Playlists
Quests
Create
Leaderboards
Showdown
Live 5
Trivia Bingo
Activity
Puzzle Library
Sporcle Events
Private Events
Virtual Trivia
Globe League
Become a Host
Pub Owners
SporcleCon
Opinionation
Our Games
Videos
Blog
Mobile Apps
Partnerships
Remove Ads and Go Orange
Feedback
Music
Pop Music
The Beatles
Song
Album
Lyrics
Bands
Singers
Artist
Clip
Rock
Rap
Classical
Billboard
Country Music
Kpop
Taylor Swift
Music
Pop Music
The Beatles
Song
Album
Lyrics
Bands
Singers
Artist
Clip
Rock
Rap
Classical
Billboard
Country Music
Kpop
Taylor Swift
Random Quiz
Search Sporcle
×
Quiz Lab
Quiz Lab
Music
Song
Type in answers that appear in a list
Type in answers that appear in a list
Classic
Best Score? Go Orange.
Synonym > Rhyme > Pink Song Stats
Can you type a synonym of the given phrase, and the Pink song that rhymes with it?
By
coreywurts
20m
32 Questions
11 Plays
11 Plays
11 Plays
Comments
Comments
Give Quiz Kudos
Give Quiz Kudos
-
- Ratings
hide this ad
More Info
Forced Order
Answers have to be entered in order
Answers have to be entered in order
Random Order
Randomize order of answers
Randomize order of answers
Replay
Link that replays current quiz
Next Quiz
Link to next quiz in quiz playlist
You Got
0%
They Got
Avg Score
17%
Avg Friend Score
Upgrade to see
Score Distribution
Jump to the score distribution portion of the page
Score
0/32
Timer
20:00
0
Plays Today
Type
Answer
% Correct
Sheep Phony Wasp Choose
Ewe Fake Bee Pick
54.5%
Sheep Phony Wasp Choose
you Make Me Sick
54.5%
Naked Adhesive Program
Bare Glue Show
45.5%
Falsity
Lie
45.5%
Skin Nail Foot Ability
Just Like A Pill
36.4%
Falsity
Try
36.4%
Apparition Barfs
Ghost Hurls
27.3%
Naked Adhesive Program
There You Go
27.3%
Apparition Barfs
Most Girls
27.3%
Luminesce Dog
So What
18.2%
Droplet
Trouble
18.2%
Hebrew Sickness
Who Knew
18.2%
Tweet Can Ocean Gape
Glitter In The Air
18.2%
Fad Tally Course
Raise Your Glass
18.2%
Shove Exist Beg Paint Term
Just Give Me A Reason
18.2%
Increased Push
True Love
18.2%
Type
Answer
% Correct
Droplet
Bubble
9.1%
Hebrew Sickness
Jew Flu
9.1%
Luminesce Dog
Glow Mutt
9.1%
Worry Rule Healthy Mapped
Get The Party Started
9.1%
Cherub Locks
Stupid Girls
9.1%
Hint Dirt Float Darkened
U And Ur Hand
9.1%
Tweet Can Ocean Gape
Twitter Tin Sea Stare
9.1%
Paddle Timber
Blow Me
9.1%
Increased Push
Grew Shove
9.1%
Worry Rule Healthy Mapped
Fret Law Hearty Charted
0%
Skin Nail Foot Ability
Crust Spike Paw Skill
0%
Cherub Locks
Cupid Curls
0%
Hint Dirt Float Darkened
Clue Sand Soar Tanned
0%
Fad Tally Course
Craze Score Class
0%
Paddle Timber
Row Tree
0%
Shove Exist Beg Paint Term
Thrust Live Plea Draw Season
0%
Quiz Playlist
Details
Report
Send in Message
Add To Playlist
More Info:
Example: Road Seed > Street Pit > Beat It
Classic:
Type in answers that appear in a list
Forced Order:
Answers have to be entered in order
Random Order:
Randomize order of answers
Last Updated: Feb 16, 2017
Quiz Scoreboard
CHALLENGE
Sign Up to Join the Scoreboard
Show All
Scores
Hide
Comments
May contain spoilers
Recently Published
Presidents Visiting Landmarks
by Hejman
History
7m
An Introduction to Baseball
by treessimontrees
Sports
5m
Movies - When Are They Set?
by FPL_Elf
Movies
5m
More to Explore
Quiz From the Vault
Featured Blog Post
Where Did the Easter Bunny Come From?
hide this ad
You Might Also Like...
Tags
Song Quiz
phrase
pink
Rhyme
Synonym
Today's Top Quizzes in Music
Browse Music
hide this ad
Today's Top Quizzes in Song
Browse Song
Top Contributed Quizzes in Music
1
Taylor Swift All Songs (2024)
2
Guess the Artist- 70s Songs
3
Taylor Swift Logic Puzzle
4
KPOP LOGIC QUIZ
5
One Thing in Common: Music
6
2010s Album by Cover III
7
7-to-1: Billboard Hot 100 #1 Hits of 2010s
8
Guess the Taylor Swift song (Mystery Song)
9
Sorting Albums and Songs
10
2000s Album Cover Bunker
Explore More
Trending Topics
Marvel
Kpop
Anime
Disney
NBA
Harry Potter
Crossword
NFL
Puzzle
Soccer
Song
WWE
The Office
Pokémon
Country
hide this ad
More By:
coreywurts
Quiz
Plays
Rating
Category
Featured
Created
Most Common 3-Letter Words: '_O_'
36,548
4.30
Language
Jan 18, 2015
Most Common 3-Letter Words: '_E_'
29,376
3.99
Language
Jan 10, 2015
Billboard Most Common Song Titles
3,016
4.49
Music
Feb 23, 2015
Big Brother 16 (US): Eviction Order
2,834
4.00
Television
Sep 16, 2017
Big Brother 19 (US): Eviction Order
2,824
Television
Oct 21, 2017
Go to Creator's Profile
Score Distribution
Quiz Creator Spotlight
coreywurts
Follow
Send a Message
Quizzes Created
-
Created Quiz Play Count
-
More By This Creator
Popular Quizzes Today
1
Find the US States - No Outlines Minefield
2
Find the Countries of Europe - No Outlines Minefield
3
The Countries of the World
4
Find the US States
5
Popular People in 1961
6
US States
7
Risky Map Clicking: Biggest States A-Z
8
1-10 Letter E Words III
More Music Quizzes
One-Word TV Shows in Song Titles
Published
Trending Quizzes
Risky Map Clicking: Least Populous States A-Z
1-10 Letter G Words
1-10 Letter F Words
One Thing in Common: United Kingdom
Risky Map Clicking: Next State Alphabetically
Recently Updated
Leaping Animals
pecheneg
Reality TV Shows (A-Z)
bhenderson79
Rickey Henderson's Hall of Fame Teammates
pecheneg
Champions League XIs: Arsenal
pecheneg
Quick Pick: Celebrities in WWE's Hall of Fame
aduchscher
A-Z Keypad Blitz II
pecheneg
Multiple Oscar Actors
pecheneg
Mystery Phrase Blitz: Oscar 'Best Actors'
pecheneg
F. Scott Fitzgerald Novels
LTH
Pick 3 Villains
ddd62291
Trending Topics
Anime
Kpop
NBA
Crossword
Marvel
Disney
Harry Potter
Pokémon
Country
WWE
Puzzle
Song
The Office
Soccer
NFL
Your Account Isn't Verified!
In order to create a playlist on Sporcle, you need to verify the email address you used during registration. Go to your
Sporcle Settings
to finish the process.
Report this User
Report this user for behavior that violates our
Community Guidelines
.
Details:
Send Report
Go to the Sporcle.com Mobile Site →
Comments